00991pab a2200133 454500008004000000100002000040245007700060260000900137300001500146520061800161650002600779650002600805773002600831180718b2011 xxu||||| |||| 00| 0 eng d aKickert, Walter aAdministrative reform in Greece, Italy, Portugal and Spain: Introduction c2011 ap.721-722. aThis symposium present an overview of the state and administrative reforms in Southern Europe. The papers are written by scholars who are not only celebrated in their field, but also native to the country they write about. The report on Greece is by Dimitri A. Sotiropoulos and Calliope Spanou of Athens University. Edoards Ongaro of Bocconi University Milan reports on Italy. In the case of Portugal, the reporters is Jose Magone, himself Portuguese and now working at the Berlin School of Economics. Reform in Spain is covered by Carlos Alba and Carmen Navarro of the Autonomous University Madrid. - Reproduced. aPublic administration aAdministrative reform aPublic Administration